| 000 | 00349nam a2200133Ia 4500 | ||
|---|---|---|---|
| 008 | 190216s9999||||xx |||||||||||||| ||und|| | ||
| 100 | _a"James B Hendrickson,Donald J Cram&Amp; George S Hammond" | ||
| 245 | 0 | _aOrganic Chemistry | |
| 250 | _a3rd ed | ||
| 260 |
_bMcgraw -hill _c1970 |
||
| 300 | _a1279p | ||
| 650 | _aChemistry-Chemistry | ||
| 942 | _cBK | ||
| 999 |
_c2319 _d2319 |
||